Surface treatments of rubber to reduce adhesion and friction for surgical glove applications (Record no. 70017)

MARC details
000 -LEADER
fixed length control field 00438nam a2200133Ia 4500
100 ## - MAIN ENTRY--AUTHOR NAME
Personal name Roberts A D
245 #0 - TITLE STATEMENT
Title Surface treatments of rubber to reduce adhesion and friction for surgical glove applications
260 ## - PUBLICATION, DISTRIBUTION, ETC. (IMPRINT)
Name of publisher Journal of applied polymer science: Applied polymer symposia
Year of publication 1992
650 ## - SUBJECT ADDED ENTRY--TOPICAL TERM
Topical Term Adhesion
650 ## - SUBJECT ADDED ENTRY--TOPICAL TERM
Topical Term Surface treatment
650 ## - SUBJECT ADDED ENTRY--TOPICAL TERM
Topical Term Surgical gloves
942 ## - ADDED ENTRY ELEMENTS (KOHA)
Koha item type Journals
Holdings
Withdrawn status Lost status Damaged status Not for loan Home library Current library Date acquired Serial Enumeration / chronology Koha item type
      Journals RRII Library RRII Library 17/12/2021 Volume, Issue 50 Journals